• 首页
  • 本馆介绍
  • 公告通知
  • 最新文献
  • 馆藏检索
  • 电子资源
  • 读者导购
  • 参考咨询
  • 我的图书馆
  • 登录
  • 详细信息显示
  • 放入我的书架
  • 预约/预借图书
  • 作者相关作品
  • 分类相关作品
  • 丛书相关作品
  • 出版社相关作品

书目信息

  • 表格格式
  • 工作单格式
  • 卡片格式
题名:
古代汉语语法
    
 
作者: 康瑞琮 著
分册:  
出版信息: 沈阳   辽宁人民出版社  1981
页数: 325页
开本: 19cm
丛书名:
单 册:
中图分类: H141 , H109
科图分类:
主题词: 汉语-古代-语法 , 语法-汉语-古代 , 汉语
电子资源:
ISBN:
000 00629nam0 2200253 450
001 1540933358
005 20150120112236.87
010    @dCNY0.72
091    @a9090.10
100    @a19950525d1981 em y0chiy0110 ea
101 0  @achi
102    @aCN@b210000
105    @ay z 000yy
200 1  @a古代汉语语法@9gu dai han yu yu fa@f康瑞琮著
210    @a沈阳@c辽宁人民出版社@d1981
215    @a325页@d19cm
606 0  @a汉语-古代-语法
606 0  @a语法-汉语-古代
606 0  @a汉语
690    @aH141@v5
690    @aH109@v4
701  0 @a康瑞琮@9kang rui cong@4著
801  0 @aCN@bTSSF@c20150120
905    @aZUCC@dH109@eJY10
    
    古代汉语语法/康瑞琮著.-沈阳:辽宁人民出版社,1981
    325页;19cm
    
    
    ISBN :CNY0.72
    
●
相关链接 在E读中查询图书 在五车中查询图书 在当当中查询图书 在豆瓣中查询图书


正题名:古代汉语语法     索取号:H109/JY10         预约/预借

序号 登录号 条形码 馆藏地/架位号 状态 备注
1 7842149   278421496   学院路分馆/ [索取号:H109/JY10] 在馆    
2 7842150   278421502   学院路分馆/ [索取号:H109/JY10] 在馆    
3 7842151   278421511   学院路分馆/ [索取号:H109/JY10] 在馆    
唐山师范学院图书馆 欢迎您!
大连网信软件有限公司© 版权所有